| 000 | 00000nas 2200000za 4500 |
| 001 | 9.503469 |
| 003 | CaOODSP |
| 005 | 20221107133252 |
| 007 | cr ||||||||||| |
| 008 | 150406d20002000oncar p o||||f| |0fre|d |
| 022 | |a1498-1424 |
| 040 | |aCaOODSP|bfre |
| 043 | |an-cn--- |
| 086 | 1 |aNS1-2F-PDF |
| 110 | 2 |aConseil de recherches en sciences naturelles et en génie du Canada. |
| 245 | 10|aGuide du chercheur |h[ressource électronique]. |
| 260 | |aOttawa : |bConseil de recherches en sciences naturelles et en génie |
| 310 | |aAnnuel |
| 362 | 0 |a2000. |
| 500 | |aPublié aussi en anglais sous le titre : Researcher's guide. |
| 691 | 07|aIngénierie|2gcpds |
| 691 | 07|aSciences naturelles|2gcpds |
| 775 | 08|tResearcher's guide |w(CaOODSP)9.507076 |